000 01188nam a2200289 i 4500
001 93421
003 ES-MaACL
005 20250904073103.0
007 t|
008 050526s1963 sp ||||1| spa d
080 _a75 Millares, Manolo (083.82)
100 1 _aMillares, Manolo.
_981173
245 1 0 _aMillares
_b: [exposición, Sala de Santa Catalina del Ateneo de Madrid, 19 de febrero-13 de marzo de 1963] /
_c[Texto: José de Castro Arines].
260 _a[Madrid :
_bs.n.,
_c1963] (
_fImprenta Nacional del Boletín Oficial de Estado)
300 _a[76] p. :
_bprincipalmente il. n. ;
_c21 cm.
490 1 _aCuadernos de arte. Colección ordinaria ;
_v106
600 1 4 _aMillares, Manolo-
_vExposiciones.
_981174
610 2 7 _aAteneo de Madrid-
_vExposiciones-
_y1960-1969.
_91920
655 7 _2tgfbne
_9193628
_aCatálogos de exposiciones
700 1 _aCastro Arines, José de,
_d1913-1997
_936907
710 2 _aAteneo de Madrid.
_bSala de Santa Catalina.
_91964
830 0 _aCuadernos de arte. Colección ordinaria
_v106
_9180064
852 _aES-MaACL
_j2193-F-8
_996863
_bR.136099
_cDEPOF
852 _aES-MaACL
_jG-13301(5).
942 _2udc
_cFOLLETOS
999 _c93421
_d93421